Deutsch-Russisches Worterbuch

Bibliografiske detaljer
Hovedforfatter: Daum E. Edmund
Andre forfattere: Schenk W. Werner
Sprog:russisk
tysk
Udgivet: Leipzig, Veb Verlag Enzyklopadie, 1983
Fag:
Format: MixedMaterials Bog
KOHA link:https://koha.lib.tpu.ru/cgi-bin/koha/opac-detail.pl?biblionumber=185923

MARC

LEADER 00000nam0a2200000 4500
001 185923
005 20231101223941.0
035 |a (RuTPU)RU\TPU\book\201741 
035 |a RU\TPU\book\43201 
090 |a 185923 
100 |a 20101019d1983 km y0rusy50 ca 
101 0 |a rus  |a ger 
102 |a DE 
105 |a y e 000zy 
200 1 |a Deutsch-Russisches Worterbuch  |f E. Daum, W. Schenk 
210 |a Leipzig  |c Veb Verlag Enzyklopadie  |d 1983 
215 |a 719 p. 
606 |a Немецкий язык  |x Лексикография  |x Словари  |2 stltpush  |3 (RuTPU)RU\TPU\subj\45382  |9 64625 
610 1 |a русский язык 
610 1 |a словари 
686 |a I143/24-4  |2 rubbk 
700 1 |a Daum  |b E.  |g Edmund 
701 1 |a Schenk  |b W.  |g Werner 
801 1 |a RU  |b 63413507  |c 20020725  |g PSBO 
801 2 |a RU  |b 63413507  |c 20180212  |g PSBO 
942 |c BK